<?xml version="1.0" encoding="UTF-8"?>
<record
    xmlns:xsi="http://www.w3.org/2001/XMLSchema-instance"
    xsi:schemaLocation="http://www.loc.gov/MARC21/slim http://www.loc.gov/standards/marcxml/schema/MARC21slim.xsd"
    xmlns="http://www.loc.gov/MARC21/slim">

  <leader>00597nam a2200193 b 4500</leader>
  <controlfield tag="003">OSt</controlfield>
  <controlfield tag="005">20130619135947.0</controlfield>
  <controlfield tag="008">980907s1997    sp |          ||| ||spa  </controlfield>
  <datafield tag="020" ind1=" " ind2=" ">
    <subfield code="a">8486204836</subfield>
  </datafield>
  <datafield tag="040" ind1=" " ind2=" ">
    <subfield code="a">SpMaBN</subfield>
    <subfield code="b">spa</subfield>
    <subfield code="c">SpMaBN</subfield>
    <subfield code="e">rdc</subfield>
    <subfield code="d">CDMR</subfield>
  </datafield>
  <datafield tag="100" ind1="1" ind2="0">
    <subfield code="a">Aguadero Fern&#xE1;ndez, Francisco</subfield>
  </datafield>
  <datafield tag="245" ind1="1" ind2="3">
    <subfield code="a">El arte de comunicar</subfield>
    <subfield code="c">Francisco Aguadero Fern&#xE1;ndez</subfield>
  </datafield>
  <datafield tag="260" ind1="0" ind2=" ">
    <subfield code="a">Madrid</subfield>
    <subfield code="b">Ciencia 3</subfield>
    <subfield code="c">[1997]</subfield>
  </datafield>
  <datafield tag="300" ind1=" " ind2=" ">
    <subfield code="a">374 p.</subfield>
    <subfield code="b">il.</subfield>
    <subfield code="c">22 cm</subfield>
  </datafield>
  <datafield tag="490" ind1="0" ind2=" ">
    <subfield code="a">Cultura, Imagen, Comunicaci&#xF3;n</subfield>
  </datafield>
  <datafield tag="650" ind1="0" ind2="4">
    <subfield code="a">Comunicaci&#xF3; oral</subfield>
    <subfield code="9">3130</subfield>
  </datafield>
  <datafield tag="650" ind1="0" ind2="4">
    <subfield code="a">Art de parlar en p&#xFA;blic</subfield>
    <subfield code="9">3132</subfield>
    <subfield code="v">Manuals, guies, etc</subfield>
  </datafield>
  <datafield tag="942" ind1=" " ind2=" ">
    <subfield code="2">udc</subfield>
    <subfield code="c">MON</subfield>
  </datafield>
  <datafield tag="999" ind1=" " ind2=" ">
    <subfield code="c">6498</subfield>
    <subfield code="d">6498</subfield>
  </datafield>
  <datafield tag="952" ind1=" " ind2=" ">
    <subfield code="0">0</subfield>
    <subfield code="1">0</subfield>
    <subfield code="4">0</subfield>
    <subfield code="7">0</subfield>
    <subfield code="a">CDMR</subfield>
    <subfield code="b">CDMR</subfield>
    <subfield code="d">2013-01-16</subfield>
    <subfield code="l">0</subfield>
    <subfield code="o">Ca 1/9</subfield>
    <subfield code="p">CDMR13066747</subfield>
    <subfield code="r">2013-06-19</subfield>
    <subfield code="w">2013-06-19</subfield>
    <subfield code="y">MON</subfield>
  </datafield>
</record>
